000 00819cam a2200253 a 4500
001 000006661
003 DO-SdBNP
005 20211124125858.0
008 870424s1983 sp a 001 0 spa
020 _a8427606206
040 _aDO-SdBNP
_cDLC
_dDLC
082 _a964.9
_bC355h
100 1 _aCastro Alfín, Demetrio,
_d1951-
_918520
245 1 0 _aHistoria de las Islas Canarias :
_bde la prehistoria al descubrimiento /
_cDemetrio Castro Alfín.
260 _aMadrid :
_bNacional,
_c1983.
300 _a259 p. :
_bil. ;
_c21 cm.
490 1 _aCultura y sociedad.
490 1 _aInvestigación
651 0 _aIslas Canarias
_918521
_xHistoria
651 4 _aIslas Canarias
_xAntigüedades
_918522
830 0 _aCultura y sociedad,
_pInvestigación.
_918523
910 _aCatalogación por copia / LC
942 _2ddc
_cLBS1
999 _c6450
_d6450